Najpopularniejsze stacje telewizyjne w Polsce - Statystyki

Ogólne statystyki
  • Ten quiz został rozwiązany 582 razy
    581 od ostatniego zresetowania
  • Średni wynik to 11 z 20
Statystyki odpowiedzi
L.p. Stacja TV
Oglądalność (SHR%)
% Poprawnych
2. Polsat 7,27%
98%
4. TVN 6,90%
97%
3. TVP2 6,98%
94%
1. TVP1 8,71%
93%
6. TVP Info 5,19%
68%
19. TVP3 (TVP Regionalna) 0,91%
66%
5. TVN24 5,66%
65%
8. TV PULS 2,90%
63%
7. TVN7 3,09%
59%
15. TVP Sport 1,13%
54%
9. TV4 2,81%
53%
10. Polsat News 1,98%
51%
13. Puls 2 1,43%
45%
14. Polsat2 1,35%
42%
11. TTV 1,77%
42%
17. TV6 1,09%
34%
12. TVP Seriale 1,59%
27%
16. Stopklatka 1,12%
26%
20. Super Polsat 0,79%
21%
18. Fokus TV 1,07%
10%
Nie znaleziono quizów pasujących do podanych kryteriów
Rozkład punktacji
Procent ludzi z każdym wynikiem
Percentyl według liczby udzielonych odpowiedzi
Twoja historia wyników
Nie rozwiązałeś tego quizu od ostatniego zresetowania